| 000 | 00596 a2200169 4500 | ||
|---|---|---|---|
| 020 | _a0130934763 | ||
| 020 | _a9780130934765 | ||
| 082 | _a004.3 | ||
| 090 |
_c1250 _d1250 |
||
| 100 | 1 | _aGarg, Rajat P. | |
| 245 | 1 | 0 |
_aTechniques for optimizing applications : _bhigh performance computing / _cRajat P. Garg, Ilya Sharapov. |
| 260 |
_a[S.l.] : _bPrentice Hall PTR, _c2002. |
||
| 300 |
_a672 p. ; _c24 cm. |
||
| 700 | 1 | _aSharapov, Ilya. | |
| 942 |
_aSNS _cBK _k004.3 GAR |
||
| 999 |
_c29863 _d29863 |
||